Central Library OPAC University of Rajshahi

The wheat plant : (Record no. 68370)

MARC details
000 -LEADER
fixed length control field 00688nam a2200229 a 4500
001 - CONTROL NUMBER
control field 68370
003 - CONTROL NUMBER IDENTIFIER
rucl marc code BD-RjUL
005 - DATE AND TIME OF LATEST TRANSACTION
control field 20211209081748.0
008 - FIXED-LENGTH DATA ELEMENTS--GENERAL INFORMATION
fixed length control field 170402r19851921enka b 001 0 eng c
035 ## - SYSTEM CONTROL NUMBER
System control number (BD-RjUL)68580
040 ## - CATALOGING SOURCE
Original cataloging agency U.S. Dept. of agr. Library
Transcribing agency TNJ
Modifying agency BD-RjUL
Language of cataloging eng
041 ## - LANGUAGE CODE
Language code of text/sound track or separate title eng
082 ## - DEWEY DECIMAL CLASSIFICATION NUMBER
Edition number 23
Classification number 633.11
Author mark and year PEW 1985
100 1# - MAIN ENTRY--PERSONAL NAME
Personal name Percival, John,
Dates associated with a name 1863-1949.
9 (RLIN) 202698
245 14 - TITLE STATEMENT
Title The wheat plant :
Remainder of title a monograph /
Statement of responsibility, etc. by John Percival.
260 ## - PUBLICATION, DISTRIBUTION, ETC. (IMPRINT)
Place of publication, distribution, etc. London :
Name of publisher, distributor, etc. Duckworth and co.,
Date of publication, distribution, etc. c1921 [reprint 1985]
300 ## - PHYSICAL DESCRIPTION
Pagination x, 463 p. :
Illustrations ill. ;
Size 26 cm.
504 ## - BIBLIOGRAPHY, ETC. NOTE
Bibliography, etc Includes bibliography and index
650 #0 - SUBJECT ADDED ENTRY--TOPICAL TERM
Topical term or geographic name as entry element Wheat.
9 (RLIN) 202699
942 ## - ADDED ENTRY ELEMENTS (KOHA)
Source of classification or shelving scheme Dewey Decimal Classification
Koha item type Books
Holdings
Lost status Source of classification or shelving scheme Damaged status Not for loan Collection code Permanent Location Current Location Shelving location Date acquired Source of acquisition Cost, normal purchase price Total Checkouts Full call number Date last seen Copy number Koha item type
  Dewey Decimal Classification   Not For Loan Non-fiction Central Library, University of Rajshahi Central Library, University of Rajshahi Reading Room 20/07/1997 Century books, Rajshahi 800.00   633.11 PEW 1985 02/04/2017 C-1 Books